000 00463 a2200145 4500
005 20250626073204.0
020 _a1-58906-043-1
082 _a332.1 ENO
245 _a+Building Strong Banks
260 _aWashington,
_bInternational Monetary Fund,
_c2002.
300 _avii, 389p.: ill.; figure, table,
_breferences,
_c23cm.
700 _aEd. ENOCH, C . MARSTON, D . & TAYLOR, M .
856 _yAccess Online Book
_fBanking
_dhttp//www.imf.org
942 _2ddc
_cBKS
999 _c5216
_d5216